| 000 -LEADER |
| fixed length control field |
01302nam a22001457a 4500 |
| 008 - FIXED-LENGTH DATA ELEMENTS--GENERAL INFORMATION |
| fixed length control field |
201112b ||||| |||| 00| 0 eng d |
| 100 ## - MAIN ENTRY--PERSONAL NAME |
| Personal name |
Lowes, Sara. |
| 245 ## - TITLE STATEMENT |
| Title |
Kinship structure and women: Evidence from economics |
| 260 ## - PUBLICATION, DISTRIBUTION, ETC. (IMPRINT) |
| Place of publication, distribution, etc |
Daedalus: Journal Of The American Academy Of Arts And Science |
| 300 ## - PHYSICAL DESCRIPTION |
| Extent |
149(1), Winter, 2020: p.119-133 |
| 520 ## - SUMMARY, ETC. |
| Summary, etc |
Economists are increasingly interested in understanding how culture shapes outcomes for women and the origins of these cultural practices. I review recent work in economics on how culture affects the well-being of women in developing countries, much of which is motivated by work in anthropology. I present evidence on the role of kinship structure, particularly matrilineal relative to patrilineal systems, for shaping women’s preferences, exposure to domestic violence, and the health and education of children. Additionally, I discuss research on the effects of cultural practices, such as bride-price, and how the organization of production affects gender norms. Economists, with a careful focus on causal identification, contribute to the evidence that culture is an important determinant of outcomes for women. |
| 773 ## - HOST ITEM ENTRY |
| Main entry heading |
Daedalus: Journal Of The American Academy Of Arts And Science |
| 906 ## - LOCAL DATA ELEMENT F, LDF (RLIN) |
| Subject DIP |
KINSHIP |
| 942 ## - ADDED ENTRY ELEMENTS (KOHA) |
| Item type |
Articles |